000 00278nam a22001217a 4500
008 170228b xxu||||| |||| 00| 0 eng d
041 _aeng
080 _a616.8 006
100 _a6
101 _aSHM
245 _aCANCER MANAGEMENT A MULTIDISCIPLINARY
_cPAZDUR.R
942 _2udc
_cBK
999 _c6429
_d6429